Nová dohoda GATT o vládnych zákazkách otvára cestu medzinárodnej konkurencii

Spolu s ukončením uruguajského kola GATT nová dohoda o vládnych zákazkách, čím sa medzinárodnej konkurencii otvoria vládne nákupy v hodnote niekoľko sto mld USD, rozšíri sa medzinárodné konkurenčné prostredie. Možnosti ochrany súkromných podnikateľov. Záväzky plynúce pre účastníkov. 1996 - predpokla...

Descrizione completa

Salvato in:
Dettagli Bibliografici
Natura: Capitolo di libro
Lingua:slovacco
Soggetti:
Tags: Aggiungi Tag
Nessun Tag, puoi essere il primo ad aggiungerne!!

MARC

LEADER 00000naa a2200000 4500
001 r000946
005 20221213114614.0
041 0 |a slo 
044 |a SK 
245 1 0 |a Nová dohoda GATT o vládnych zákazkách otvára cestu medzinárodnej konkurencii 
520 |a Spolu s ukončením uruguajského kola GATT nová dohoda o vládnych zákazkách, čím sa medzinárodnej konkurencii otvoria vládne nákupy v hodnote niekoľko sto mld USD, rozšíri sa medzinárodné konkurenčné prostredie. Možnosti ochrany súkromných podnikateľov. Záväzky plynúce pre účastníkov. 1996 - predpokladaný rok vstupu dohody do platnosti. 
610 2 0 |a GATT 
610 2 0 |a zákazky 
610 2 0 |a štát 
610 2 0 |a konkurencia medzinárodná 
610 2 0 |a 1994 
610 2 0 |a 1996